000 00459nam a22001697a 4500
003 NUST - PNEC
005 20170116181145.0
008 151008b xxu||||| |||| 00| 0 eng d
020 _a8176485489
040 _cLIBRARY
082 _a954.9104 CHE
100 _914903
_aChengappa, Bidanda M.
245 _aPakistan, Islamisation, army and foreign policy
_cBidanda M Chengappa
260 _cc.2004
650 _914909
_aPakistan
_xGeneral
942 _2ddc
_cBK
999 _c70649
_d70649